Prix Nobel de littérature français - Statistiques

Statistiques générales
  • Ce quiz a été pris 892 fois
    722 depuis la dernière actualisation
  • Le résultat moyen est 7 sur 16
Statistiques - réponses
Année Prix Nobel de littérature % Correct
1957 Albert Camus
87%
1964 Jean-Paul Sartre
80%
2022 Annie Ernaux
76%
2014 Patrick Modiano
51%
2008 Jean-Marie le Clézio
48%
1947 André Gide
40%
1901 Sully Prudhomme
40%
1921 Anatole France
39%
1952 François Mauriac
31%
1904 Frédéric Mistral
31%
1960 Saint John Perse
27%
1985 Claude Simon
26%
1927 Henri Bergson
26%
1915 Romain Rolland
24%
1937 Roger Martin du Gard
23%
2000 Gao Xingjian
19%
Aucun quiz correspondant
Distribution des résultats
% des personnes avec chaque résultat
Percentile par nombre de réponses
Votre historique - résultats
Vous n’avez pas pris ce quiz depuis la dernière actualisation